[Event "BPB Limburg-open C"]
[Site "Maastricht"]
[Date "2015.05.24"]
[Round "4"]
[White "Disters, Ingrid"]
[Black "Maass, Andre"]
[Result "0-1"]
[WhiteElo "1182"]
[BlackElo "1483"]
[PlyCount "52"]
[EventDate "2015.05.22"]
[EventType "swiss"]
[EventRounds "7"]
[EventCountry "NED"]
[Source "P.Boonen"]
[SourceDate "2015.01.01"]

1. e4 c5 2. Nf3 Nc6 3. d4 cxd4 4. Nxd4 Nf6 5. Nc3 e5 6. Nb3 Bb4 7. Bg5 Bxc3+ 8.
bxc3 h6 9. Bxf6 Qxf6 10. Bd3 d6 11. O-O O-O 12. Nd2 Be6 13. h3 Rac8 14. Nf3 Ne7
15. Qd2 Ng6 16. Qe3 b6 17. Qd2 Nf4 18. Ba6 Rcd8 19. c4 Qg6 20. Nh4 Qg5 21. g3
Nxh3+ 22. Kg2 Qxd2 23. Rac1 Nxf2 24. Nf3 Qa5 25. Bb5 Nxe4 26. Bc6 Nd2 0-1

[Event "BPB Limburg-open C"]
[Site "Maastricht"]
[Date "2015.05.24"]
[Round "4"]
[White "Disters, Ray"]
[Black "Akulov, Mikhail"]
[Result "1/2-1/2"]
[WhiteElo "900"]
[BlackElo "1272"]
[PlyCount "112"]
[EventDate "2015.05.22"]
[EventType "swiss"]
[EventRounds "7"]
[EventCountry "NED"]
[Source "P.Boonen"]
[SourceDate "2015.01.01"]

1. e4 e5 2. Nf3 Nf6 3. d3 d5 4. Nbd2 Bg4 5. Be2 Bxf3 6. Nxf3 dxe4 7. Nxe5 Bd6
8. Nc4 exd3 9. Qxd3 Nc6 10. Nxd6+ cxd6 11. Bg5 O-O 12. O-O Ne5 13. Qf5 Rc8 14.
Bxf6 Qxf6 15. Qxf6 gxf6 16. c3 Rc6 17. Rad1 Rd8 18. f4 Nc4 19. Bxc4 Rxc4 20.
Rd5 Rc5 21. Rfd1 Rc6 22. R1d3 Kf8 23. Kf2 Kg7 24. Rg3+ Kf8 25. Rh5 Ra6 26. a3
Rb6 27. b4 Ra6 28. Rxh7 Rxa3 29. Rh8+ Ke7 30. Rxd8 Kxd8 31. h4 Ke7 32. h5 Ra2+
33. Ke3 Ra1 34. Rh3 Kf8 35. Ke4 Kg7 36. Kf5 Rf1 37. h6+ Kh7 38. g4 Rg1 39. g5
fxg5 40. fxg5 Rf1+ 41. Kg4 Rg1+ 42. Rg3 f5+ 43. Kf4 Rxg3 44. Kxg3 Kg6 45. Kf4
b6 46. h7 Kxh7 47. Kxf5 a5 48. Ke4 Kg6 49. Kd5 Kxg5 50. bxa5 bxa5 51. Kc4 Kf4
52. Kb5 Ke5 53. Kxa5 Kd5 54. Kb5 Ke5 55. c4 Ke6 56. Kc6 Ke7 1/2-1/2

[Event "BPB Limburg-open C"]
[Site "Maastricht"]
[Date "2015.05.24"]
[Round "4"]
[White "Eijkenboom, Raph"]
[Black "Langbroek, Aarnout"]
[Result "0-1"]
[WhiteElo "1226"]
[BlackElo "1679"]
[PlyCount "90"]
[EventDate "2015.05.22"]
[EventType "swiss"]
[EventRounds "7"]
[EventCountry "NED"]
[Source "P.Boonen"]
[SourceDate "2015.01.01"]

1. Nf3 Nf6 2. Nc3 g6 3. e4 d6 4. h3 Bg7 5. Bc4 a6 6. O-O b5 7. Bd3 Bb7 8. a3
Nbd7 9. b4 O-O 10. Re1 c5 11. Bb2 c4 12. Bf1 Nxe4 13. Qe2 Nxc3 14. Qxe7 Bxf3
15. Qxd8 Raxd8 16. Re3 Nd5 17. Bxg7 Nxe3 18. Bxf8 Kxf8 19. dxe3 Be4 20. c3 Ne5
21. g3 Nf3+ 22. Kg2 Nd2+ 23. Kg1 Nxf1 24. Kxf1 Ke7 25. Rd1 Bd3+ 26. Kg2 g5 27.
Kf3 f5 28. Re1 Kf6 29. Rg1 Ke5 30. Kg2 Re8 31. Re1 Kf6 32. Rg1 Re5 33. Rh1 Rd5
34. f3 Bc2 35. Rf1 Rd2+ 36. Rf2 Rxf2+ 37. Kxf2 Ke5 38. g4 fxg4 39. hxg4 Bg6 40.
Kg3 h5 41. gxh5 Bxh5 42. Kf2 g4 43. fxg4 Bxg4 44. Ke1 Ke4 45. Kd2 d5 0-1

[Event "BPB Limburg-open C"]
[Site "Maastricht"]
[Date "2015.05.24"]
[Round "4"]
[White "Haarsma, Rob"]
[Black "Proesmans, Karel"]
[Result "0-1"]
[WhiteElo "1421"]
[BlackElo "1625"]
[PlyCount "29"]
[EventDate "2015.05.22"]
[EventType "swiss"]
[EventRounds "7"]
[EventCountry "NED"]
[Source "P.Boonen"]
[SourceDate "2015.01.01"]

1. e4 Nf6 2. Nc3 d5 3. exd5 Nxd5 4. Bc4 e6 5. Nxd5 exd5 6. Bd3 Bc5 7. Nf3 O-O
8. O-O Bg4 9. c3 Qf6 10. Be2 Nc6 11. d4 Bd6 12. Ne5 Bxe2 13. Qxe2 Rfe8 14. f4
Qe7 15. Re1 {.....} 0-1

[Event "BPB Limburg-open C"]
[Site "Maastricht"]
[Date "2015.05.24"]
[Round "4"]
[White "Han, Yichen"]
[Black "Raats, Joppe"]
[Result "1/2-1/2"]
[WhiteElo "1117"]
[BlackElo "1495"]
[PlyCount "113"]
[EventDate "2015.05.22"]
[EventType "swiss"]
[EventRounds "7"]
[EventCountry "NED"]
[Source "P.Boonen"]
[SourceDate "2015.01.01"]

1. e4 e5 2. Nf3 Nc6 3. Bc4 Bc5 4. b4 Bxb4 5. c3 Bc5 6. d4 exd4 7. O-O Nge7 8.
cxd4 Bb4 9. Ng5 d5 10. exd5 Nxd5 11. Nxf7 Kxf7 12. Qf3+ Qf6 13. Bxd5+ Be6 14.
Bxe6+ Kxe6 15. d5+ Ke7 16. Qxf6+ gxf6 17. dxc6 b6 18. Ba3 Bxa3 19. Nxa3 a6 20.
Rad1 Rad8 21. Rfe1+ Kf7 22. Nc4 h5 23. h3 Rhg8 24. Ne3 Rge8 25. Nf5 Rd5 26.
Rxd5 Rxe1+ 27. Kh2 Ke6 28. Rd7 Kxf5 29. Rxc7 Rc1 30. Rc8 b5 31. c7 b4 32. g4+
hxg4 33. hxg4+ Ke6 34. Rb8 Rxc7 35. Rb6+ Kf7 36. Rxb4 Rc2 37. Ra4 Rxf2+ 38. Kg3
Rb2 39. Rxa6 Rb7 40. a4 Kg6 41. a5 Kg5 42. Rb6 Ra7 43. Rb5+ Kg6 44. Kf4 Ra6 45.
g5 fxg5+ 46. Rxg5+ Kf6 47. Rb5 Ke6 48. Ke4 Kd6 49. Kd4 Kc6 50. Kc4 Ra8 51. Rc5+
Kd6 52. Rh5 Kc6 53. Rh6+ Kb7 54. Kb5 Rb8 55. Rh7+ Ka8+ 56. Ka6 Rb7 57. Rh8+
1/2-1/2

[Event "BPB Limburg-open C"]
[Site "Maastricht"]
[Date "2015.05.24"]
[Round "4"]
[White "Harder, Cindy"]
[Black "Boons, Lucien"]
[Result "0-1"]
[WhiteElo "900"]
[BlackElo "1630"]
[PlyCount "98"]
[EventDate "2015.05.22"]
[EventType "swiss"]
[EventRounds "7"]
[EventCountry "NED"]
[Source "P.Boonen"]
[SourceDate "2015.01.01"]

1. e4 Nc6 2. d4 e5 3. Nf3 exd4 4. Bd3 d6 5. c3 Bg4 6. O-O Nf6 7. b3 dxc3 8.
Nxc3 Ne5 9. Bg5 Be7 10. Be2 O-O 11. Nd4 Bd7 12. f4 Nc6 13. Bf3 h6 14. Bh4 Ne8
15. Bf2 Nxd4 16. Qxd4 c5 17. Qd3 Bc6 18. Bd1 f5 19. Bc2 Nf6 20. e5 Ne4 21. Nxe4
Bxe4 22. Qc4+ d5 23. Qc3 b6 24. Rad1 Bxc2 25. Qxc2 Qd7 26. Rfe1 Qe6 27. a3 Rac8
28. Rd2 Rc6 29. Red1 Rd8 30. b4 d4 31. Qa4 Rc7 32. Qb5 cxb4 33. axb4 Qc4 34.
Qa4 Qxb4 35. Qa2+ Qc4 36. Qb2 Bc5 37. Bh4 d3+ 38. Kh1 Rdd7 39. Rc1 Qxf4 40. Bg3
Qb4 41. Qa2+ Kh7 42. e6 Re7 43. Bxc7 Rxc7 44. Rxd3 Qe4 45. Rg3 Re7 46. Qc2 Qxe6
47. Rf3 g6 48. Qc4 Qxc4 49. Rxc4 Re1+ 0-1

[Event "BPB Limburg-open C"]
[Site "Maastricht"]
[Date "2015.05.24"]
[Round "4"]
[White "Heinen, Dai"]
[Black "Janssen, Valerie"]
[Result "1/2-1/2"]
[WhiteElo "1510"]
[BlackElo "1271"]
[PlyCount "86"]
[EventDate "2015.05.22"]
[EventType "swiss"]
[EventRounds "7"]
[EventCountry "NED"]
[Source "P.Boonen"]
[SourceDate "2015.01.01"]

1. e4 e6 2. Nf3 d5 3. exd5 exd5 4. d4 Nf6 5. Bd3 c6 6. c3 Bd6 7. O-O O-O 8. Bg5
Bg4 9. Nbd2 Nbd7 10. Qc2 Qc7 11. h3 Be6 12. Bf5 Rfe8 13. Rfe1 Bxf5 14. Qxf5 Be7
15. Re2 h6 16. Rae1 Bd6 17. Bxf6 Nxf6 18. Qd3 Re7 19. Nh4 Rxe2 20. Rxe2 g6 21.
Nhf3 Bf8 22. Ne5 Bg7 23. Re3 Re8 24. Nb3 b6 25. Nd2 Re6 26. Qe2 Nd7 27. Ndf3
Nxe5 28. Nxe5 Bxe5 29. Rxe5 Rxe5 30. Qxe5 Qxe5 31. dxe5 Kf8 32. f4 Ke7 33. Kf2
f6 34. exf6+ Kxf6 35. Kf3 g5 36. g3 Kf5 37. g4+ Kf6 38. f5 Ke5 39. Ke3 c5 40.
b3 b5 41. a3 a5 42. b4 axb4 43. axb4 c4 1/2-1/2

[Event "BPB Limburg-open C"]
[Site "Maastricht"]
[Date "2015.05.24"]
[Round "4"]
[White "Hillenkamp, Melchior"]
[Black "Vanden Bossche, Nicolas"]
[Result "1-0"]
[WhiteElo "1603"]
[BlackElo "1681"]
[PlyCount "67"]
[EventDate "2015.05.22"]
[EventType "swiss"]
[EventRounds "7"]
[EventCountry "NED"]
[Source "P.Boonen"]
[SourceDate "2015.01.01"]

1. d4 d5 2. c4 Nf6 3. Nc3 e6 4. cxd5 exd5 5. Bg5 c6 6. Qc2 Bb4 7. e3 O-O 8. Bd3
h6 9. Bf4 Nbd7 10. Nge2 Nh5 11. O-O Ndf6 12. a3 Nxf4 13. Nxf4 Bd6 14. Nfe2 Qc7
15. h3 Be6 16. f3 c5 17. Nb5 Qb6 18. Nxd6 Qxd6 19. Qxc5 Qb8 20. Rac1 Rc8 21.
Qe7 Re8 22. Qc7 Bxh3 23. Qxb8 Raxb8 24. gxh3 Rxe3 25. Rc3 Rbe8 26. Kf2 R3e7 27.
Rfc1 a6 28. Rc8 Re3 29. Rxe8+ Rxe8 30. Rc7 Rb8 31. Bf5 a5 32. Rc8+ Rxc8 33.
Bxc8 b6 34. Bb7 1-0

[Event "BPB Limburg-open C"]
[Site "Maastricht"]
[Date "2015.05.24"]
[Round "4"]
[White "Hotwani, Rahul"]
[Black "Maters, Arthur"]
[Result "1-0"]
[WhiteElo "1697"]
[BlackElo "1189"]
[PlyCount "63"]
[EventDate "2015.05.22"]
[EventType "swiss"]
[EventRounds "7"]
[EventCountry "NED"]
[Source "P.Boonen"]
[SourceDate "2015.01.01"]

1. e4 c5 2. c3 Nf6 3. e5 Nd5 4. d4 cxd4 5. Nf3 Nc6 6. cxd4 d6 7. exd6 Qxd6 8.
Nc3 Bg4 9. Be2 Nf4 10. Bxf4 Qxf4 11. O-O Bxf3 12. Bxf3 Qxd4 13. Bxc6+ bxc6 14.
Qxd4 e6 15. Rad1 Be7 16. Qd7+ Kf8 17. Qxc6 Re8 18. Nb5 g6 19. Nc7 Rd8 20. Rxd8+
Bxd8 21. Rd1 Bf6 22. b3 a5 23. Rd7 Kg7 24. Nxe6+ Kh6 25. Rxf7 Bg5 26. f4 Bh4
27. g3 Bd8 28. Nxd8 Rxd8 29. Qc7 Rd1+ 30. Kg2 Kh5 31. Qc5+ Kh6 32. Qg5# 1-0

[Event "BPB Limburg-open C"]
[Site "Maastricht"]
[Date "2015.05.24"]
[Round "4"]
[White "Johnen, Franz"]
[Black "Van Wijnendaele, Jovanni"]
[Result "0-1"]
[WhiteElo "1717"]
[BlackElo "1593"]
[PlyCount "171"]
[EventDate "2015.05.22"]
[EventType "swiss"]
[EventRounds "7"]
[EventCountry "NED"]
[Source "P.Boonen"]
[SourceDate "2015.01.01"]

1. d4 d5 2. Nf3 Nf6 3. e3 Bf5 4. c4 c6 5. Nc3 e6 6. Qb3 Qb6 7. Bd2 Nbd7 8. Be2
h6 9. O-O Be7 10. Rfc1 O-O 11. c5 Qc7 12. h3 Rfe8 13. Nh2 e5 14. Bg4 Nxg4 15.
hxg4 Bh7 16. Re1 Bf6 17. Ne2 Nf8 18. Rac1 Ne6 19. dxe5 Bxe5 20. Nf3 Bf6 21.
Ned4 Be7 22. Nxe6 fxe6 23. Nd4 e5 24. Ne2 Rf8 25. f4 Bf6 26. f5 Kh8 27. g3 Bg8
28. Qa4 Bg5 29. Rf1 a6 30. b4 Rae8 31. Qc2 Qd7 32. Rcd1 Bh7 33. e4 Bf6 34. Bc1
d4 35. Qd3 Bg8 36. a4 Qf7 37. a5 Qb3 38. Ba3 Qxd3 39. Rxd3 Bc4 40. Rfd1 Bg5 41.
Bc1 Bd8 42. Kf2 Kg8 43. Ba3 Kf7 44. Ng1 Bg5 45. Nf3 Be3+ 46. Ke2 Rh8 47. Rh1
Kf6 48. Rh5 Bf7 49. Rh1 h5 50. g5+ Bxg5 51. Nxg5 Kxg5 52. Kf3 g6 53. Bc1+ Kf6
54. fxg6 Bxg6 55. Rh4 Ref8 56. Ke2 Bf7 57. Rf3+ Ke6 58. Rf5 Bg6 59. Rg5 Rf6 60.
g4 Bxe4 61. gxh5 Bf3+ 62. Kd3 Rfh6 63. Rg3 Rxh5 64. Rxh5 Bxh5 65. Rg7 Bf7 66.
Rg3 Rh1 67. Bd2 Kd5 68. Rg7 Rf1 69. Ke2 Rf5 70. Rh7 e4 71. Rh6 Be6 72. Be1 Rf7
73. Rg6 Bh3 74. Rd6+ Kc4 75. Rh6 Bf1+ 76. Kd1 d3 77. Rh4 Be2+ 78. Kd2 Kxb4 79.
Rxe4+ Kxa5 80. Ke3+ Kb5 81. Bd2 Kxc5 82. Rf4 Rxf4 83. Kxf4 Kc4 84. Be1 Kb3 85.
Ke3 Kc2 86. Ba5 0-1

[Event "BPB Limburg-open C"]
[Site "Maastricht"]
[Date "2015.05.24"]
[Round "4"]
[White "Kalkman de Koster, Franzke"]
[Black "Michielsen, Kobus"]
[Result "0-1"]
[WhiteElo "1558"]
[BlackElo "1617"]
[PlyCount "62"]
[EventDate "2015.05.22"]
[EventType "swiss"]
[EventRounds "7"]
[EventCountry "NED"]
[Source "P.Boonen"]
[SourceDate "2015.01.01"]

1. d4 d5 2. c4 c6 3. Nc3 Nf6 4. Nf3 e6 5. c5 b6 6. b4 a5 7. bxa5 bxc5 8. dxc5
Bxc5 9. Bd2 O-O 10. a3 Qd6 11. Na4 Bxa3 12. Qb3 Bc5 13. Nxc5 Qxc5 14. Bb4 Qb5
15. e3 Qb7 16. Rb1 Rd8 17. Bd3 Nbd7 18. O-O c5 19. Bc3 Qxb3 20. Bxh7+ Kxh7 21.
Rxb3 Ne4 22. Be5 Nxe5 23. Nxe5 Nd2 24. Nxf7 Rd7 25. Ne5 Nxb3 26. Nxd7 Bxd7 27.
Rb1 Nxa5 28. Rc1 c4 29. Kf1 c3 30. Ke1 c2 31. Kd2 Nb3+ 0-1

[Event "BPB Limburg-open C"]
[Site "Maastricht"]
[Date "2015.05.24"]
[Round "4"]
[White "Kokolakis, Panagiotis"]
[Black "Zhang, Martin"]
[Result "0-1"]
[WhiteElo "1379"]
[BlackElo "1704"]
[PlyCount "114"]
[EventDate "2015.05.22"]
[EventType "swiss"]
[EventRounds "7"]
[EventCountry "NED"]
[Source "P.Boonen"]
[SourceDate "2015.01.01"]

1. e4 e5 2. Nf3 Nc6 3. Bb5 a6 4. Ba4 Nf6 5. d3 Bc5 6. c3 d6 7. Nbd2 b5 8. Bb3
O-O 9. O-O Bg4 10. h3 Bh5 11. Re1 Bg6 12. Nf1 Nh5 13. Bg5 Qd7 14. Bd5 Kh8 15.
g4 Nf6 16. Bxf6 gxf6 17. b4 Bb6 18. Nh4 Rad8 19. Bxc6 Qxc6 20. Rc1 d5 21. Ng3
dxe4 22. Nxg6+ fxg6 23. Nxe4 Rd7 24. Qe2 Qe6 25. Nc5 Bxc5 26. bxc5 Qd5 27. d4
Re8 28. a4 c6 29. axb5 axb5 30. Qe4 Kg7 31. f4 Ree7 32. Qxd5 Rxd5 33. Re4 Red7
34. Rd1 exd4 35. Rexd4 Rxd4 36. cxd4 Kf7 37. Kf2 Ke6 38. Kf3 Kd5 39. Re1 b4 40.
Rb1 Kc4 41. Rc1+ Kd3 42. Rb1 Kc3 43. Rc1+ Kd3 44. Rb1 Rxd4 45. Rb3+ Kc2 46. Re3
Rd3 47. Rxd3 Kxd3 48. Kg3 b3 49. Kh4 b2 50. f5 b1=Q 51. fxg6 hxg6 52. g5 f5 53.
Kg3 Qf1 54. h4 Ke3 55. h5 Qf2+ 56. Kh3 f4 57. hxg6 Qg3# 0-1

[Event "BPB Limburg-open C"]
[Site "Maastricht"]
[Date "2015.05.24"]
[Round "4"]
[White "Kusse, Marcel"]
[Black "Van Stiphout, Sophie"]
[Result "1-0"]
[WhiteElo "1520"]
[BlackElo "1390"]
[PlyCount "39"]
[EventDate "2015.05.22"]
[EventType "swiss"]
[EventRounds "7"]
[EventCountry "NED"]
[Source "P.Boonen"]
[SourceDate "2015.01.01"]

1. d4 d5 2. e4 dxe4 3. Nc3 Nf6 4. f3 exf3 5. Qxf3 e6 6. Be3 Bb4 7. Bc4 Nd5 8.
Nge2 O-O 9. O-O Nxe3 10. Qxe3 b6 11. Qe4 c6 12. Rf3 Qe7 13. Raf1 Bb7 14. Rxf7
Rxf7 15. Bxe6 c5 16. Rxf7 Bxe4 17. Rxe7+ Kf8 18. Rf7+ Ke8 19. Nxe4 Nc6 20. Nd6+
1-0

[Event "BPB Limburg-open C"]
[Site "Maastricht"]
[Date "2015.05.24"]
[Round "4"]
[White "Kutchoukov, Thomas"]
[Black "Godding, Mick"]
[Result "0-1"]
[WhiteElo "900"]
[BlackElo "1616"]
[PlyCount "54"]
[EventDate "2015.05.22"]
[EventType "swiss"]
[EventRounds "7"]
[EventCountry "NED"]
[Source "P.Boonen"]
[SourceDate "2015.01.01"]

1. d4 Nf6 2. c4 c5 3. d5 b5 4. Nc3 b4 5. Na4 d6 6. Nf3 g6 7. Bd2 Bg7 8. b3 O-O
9. e3 Nbd7 10. Bd3 Ng4 11. h3 Bxa1 12. hxg4 Bg7 13. Ke2 Ne5 14. Bc2 Bxg4 15.
Qg1 h5 16. Bd1 e6 17. Kf1 exd5 18. cxd5 Bd7 19. Nxe5 dxe5 20. e4 f5 21. exf5
Rxf5 22. Bc2 e4 23. d6 Qf6 24. Bxe4 Bb5+ 25. Ke1 Qa1+ 26. Bb1 Qxb1+ 27. Bc1
Qxc1# 0-1

[Event "BPB Limburg-open C"]
[Site "Maastricht"]
[Date "2015.05.24"]
[Round "4"]
[White "Lammes, Pim"]
[Black "Bloem, Robert"]
[Result "1-0"]
[WhiteElo "1631"]
[BlackElo "1249"]
[PlyCount "33"]
[EventDate "2015.05.22"]
[EventType "swiss"]
[EventRounds "7"]
[EventCountry "NED"]
[Source "P.Boonen"]
[SourceDate "2015.01.01"]

1. e4 e5 2. Nf3 Nc6 3. Bc4 Nh6 4. d3 Be7 5. h3 g5 6. h4 Ng4 7. Nxg5 h5 8. Nxf7
Bb4+ 9. c3 Bxc3+ 10. bxc3 Qf6 11. f3 d6 12. Nxh8 Qxh8 13. fxg4 Bxg4 14. Qd2
O-O-O 15. Qh6 Qe8 16. Rf1 Qe7 17. Bg5 1-0

[Event "BPB Limburg-open C"]
[Site "Maastricht"]
[Date "2015.05.24"]
[Round "4"]
[White "Lennartz, Tim"]
[Black "Fortenbacher, Dominic"]
[Result "0-1"]
[WhiteElo "1533"]
[BlackElo "1520"]
[PlyCount "70"]
[EventDate "2015.05.22"]
[EventType "swiss"]
[EventRounds "7"]
[EventCountry "NED"]
[Source "P.Boonen"]
[SourceDate "2015.01.01"]

1. e4 e5 2. Nf3 Nc6 3. Bc4 Bc5 4. b4 Bxb4 5. c3 Be7 6. d4 d6 7. Qb3 Na5 8.
Bxf7+ Kf8 9. Qa4 c6 10. Bxg8 Rxg8 11. dxe5 b5 12. Qc2 dxe5 13. Nxe5 Bd6 14. Qd3
Qf6 15. Nf3 h6 16. O-O Nc4 17. Nd4 Ne5 18. Qg3 Ng4 19. f4 Bc5 20. e5 Qd8 21.
Ba3 b4 22. Bxb4 Bxb4 23. Nxc6 Qb6+ 24. Nd4 Bc5 25. Rd1 Qb2 26. Qh4 Bf5 27. Nd2
Bxd4+ 28. cxd4 Qxd4+ 29. Kh1 Nf2+ 30. Kg1 Nxd1+ 31. Kf1 Bd3+ 32. Ke1 Qg1+ 33.
Nf1 Qxf1+ 34. Kd2 Qe2+ 35. Kc1 Qc2# 0-1

[Event "BPB Limburg-open C"]
[Site "Maastricht"]
[Date "2015.05.24"]
[Round "4"]
[White "Loutragotis, Dimitrios"]
[Black "Overtoom, Reinier"]
[Result "1/2-1/2"]
[WhiteElo "1659"]
[BlackElo "1739"]
[PlyCount "80"]
[EventDate "2015.05.22"]
[EventType "swiss"]
[EventRounds "7"]
[EventCountry "NED"]
[Source "P.Boonen"]
[SourceDate "2015.01.01"]

1. e4 c5 2. Nf3 d6 3. g3 Nf6 4. d3 g6 5. Bg2 Bg7 6. O-O Nc6 7. Nc3 O-O 8. Bf4
e5 9. Bg5 h6 10. Bxf6 Bxf6 11. Nd2 Be6 12. Nc4 Qd7 13. h4 Rae8 14. Ne3 Bd8 15.
h5 Kg7 16. Ncd5 Ne7 17. Nxe7 Bxe7 18. Kh2 f5 19. f4 exf4 20. gxf4 g5 21. exf5
Bxf5 22. Nxf5+ Qxf5 23. Be4 Qf6 24. Qe2 gxf4 25. Rg1+ Kh8 26. Qe1 f3 27. Rg6
Qe5+ 28. Qg3 Qxh5+ 29. Qh3 Qxh3+ 30. Kxh3 Bg5 31. Rxd6 f2 32. Kg2 Re7 33. Rh1
Be3 34. Rg6 Rg8 35. Rxg8+ Kxg8 36. Kf3 Rf7+ 37. Ke2 Kf8 38. Bd5 f1=Q+ 39. Rxf1
Rxf1 40. Kxf1 b6 1/2-1/2

[Event "BPB Limburg-open C"]
[Site "Maastricht"]
[Date "2015.05.24"]
[Round "4"]
[White "Loutragotis, Marios"]
[Black "Mohammadi Nia, Borna"]
[Result "1-0"]
[WhiteElo "900"]
[BlackElo "1241"]
[PlyCount "37"]
[EventDate "2015.05.22"]
[EventType "swiss"]
[EventRounds "7"]
[EventCountry "NED"]
[Source "P.Boonen"]
[SourceDate "2015.01.01"]

1. e4 e6 2. d4 d5 3. exd5 exd5 4. c4 dxc4 5. Bxc4 Bd6 6. Nf3 Ne7 7. O-O Bg4 8.
h3 Bh5 9. Nc3 Nd7 10. Re1 Nb6 11. b3 Nxc4 12. bxc4 Bb4 13. Qa4+ c6 14. Qxb4
Bxf3 15. gxf3 Rb8 16. Ba3 O-O 17. Rxe7 Qxd4 18. Rxb7 Rxb7 19. Qxf8# 1-0

[Event "BPB Limburg-open C"]
[Site "Maastricht"]
[Date "2015.05.24"]
[Round "4"]
[White "Loutragotis, Paraskevas Pantelei"]
[Black "Oord, Jan"]
[Result "1-0"]
[WhiteElo "1562"]
[BlackElo "1423"]
[PlyCount "102"]
[EventDate "2015.05.22"]
[EventType "swiss"]
[EventRounds "7"]
[EventCountry "NED"]
[Source "P.Boonen"]
[SourceDate "2015.01.01"]

1. d4 Nf6 2. Nf3 b6 3. g3 Bb7 4. Bg2 d6 5. c4 Nbd7 6. Nc3 Ne4 7. Qc2 Ndf6 8.
Nd2 d5 9. cxd5 Nxc3 10. bxc3 Bxd5 11. e4 Bb7 12. Nc4 e6 13. Bf4 c5 14. Qa4+ Qd7
15. Qxd7+ Nxd7 16. Bd6 cxd4 17. cxd4 Rc8 18. Bxf8 Rxc4 19. Bxg7 Rg8 20. Bh6
Rxd4 21. f3 Ba6 22. Be3 Rb4 23. Bf1 Bxf1 24. Rxf1 Rb2 25. Rf2 Rxf2 26. Kxf2 Rf8
27. Rc1 Kd8 28. f4 f5 29. e5 h5 30. Rc6 Re8 31. Kg2 Re7 32. Kh3 Nb8 33. Rd6+
Nd7 34. Kh4 Kc7 35. Kxh5 Rh7+ 36. Kg5 Rxh2 37. Rxe6 Rxa2 38. Kxf5 a6 39. Re7
Kd8 40. Rg7 Ra5 41. Ke6 Nc5+ 42. Kd6 Ne4+ 43. Kc6 Ra3 44. Bxb6+ Ke8 45. Kd5
Nxg3 46. Ke6 Kf8 47. Rg5 Ne4 48. Rg6 Rb3 49. Kf5 Ng3+ 50. Kg4 Ne4 51. f5 Rb4
1-0

[Event "BPB Limburg-open C"]
[Site "Maastricht"]
[Date "2015.05.24"]
[Round "4"]
[White "Mang, Jessie"]
[Black "Lennartz, Ludwig"]
[Result "0-1"]
[WhiteElo "955"]
[BlackElo "1668"]
[PlyCount "86"]
[EventDate "2015.05.22"]
[EventType "swiss"]
[EventRounds "7"]
[EventCountry "NED"]
[Source "P.Boonen"]
[SourceDate "2015.01.01"]

1. e4 c5 2. Nf3 d6 3. d4 cxd4 4. Nxd4 Nf6 5. Nc3 g6 6. Be3 Bg7 7. Qd2 Ng4 8.
O-O-O Nxe3 9. Qxe3 Nc6 10. Nxc6 bxc6 11. f3 O-O 12. g4 Qa5 13. Bc4 Rb8 14. h4
Qb4 15. Bb3 Be6 16. h5 Bxb3 17. cxb3 c5 18. Nd5 Qb7 19. f4 e6 20. Nc3 c4 21.
Na4 cxb3 22. Qxb3 Rfc8+ 23. Kb1 Qxe4+ 24. Ka1 Rxb3 25. axb3 Qxf4 26. hxg6 fxg6
27. Rhf1 Qe3 28. Ka2 Rb8 29. Nc3 Bxc3 30. bxc3 Qxc3 31. Rb1 Rb6 32. Rb2 Ra6+
33. Kb1 Qd3+ 34. Kc1 Qxf1+ 35. Kc2 Rc6+ 36. Kd2 Qf2+ 37. Kd3 Qxb2 38. Ke3 Qxb3+
39. Kf4 Qd5 40. Kg3 Qg5 41. Kf3 Rc3+ 42. Kf2 Qd2+ 43. Kf1 Rc1# 0-1

[Event "BPB Limburg-open C"]
[Site "Maastricht"]
[Date "2015.05.24"]
[Round "4"]
[White "Michielsen, Lies"]
[Black "Korinth, Leonardo Enrico"]
[Result "0-1"]
[WhiteElo "1150"]
[BlackElo "1665"]
[PlyCount "50"]
[EventDate "2015.05.22"]
[EventType "swiss"]
[EventRounds "7"]
[EventCountry "NED"]
[Source "P.Boonen"]
[SourceDate "2015.01.01"]

1. e4 e6 2. d4 d5 3. Nc3 Nf6 4. e5 Nfd7 5. Nf3 c5 6. Bb5 a6 7. Bxd7+ Bxd7 8.
O-O Nc6 9. Bg5 Be7 10. Bxe7 Qxe7 11. Qd2 O-O 12. Rad1 cxd4 13. Nxd4 Nxe5 14.
Qf4 Qf6 15. Qxf6 gxf6 16. Rfe1 Rac8 17. Re3 Kh8 18. Nf3 Nc4 19. Re2 b5 20. b3
Na3 21. Nb1 Rxc2 22. Rxc2 Nxc2 23. Rc1 Rc8 24. Nbd2 e5 25. Kf1 Ne3+ 0-1

[Event "BPB Limburg-open C"]
[Site "Maastricht"]
[Date "2015.05.24"]
[Round "4"]
[White "Mitran, Marie"]
[Black "Marechal, Georges"]
[Result "1-0"]
[WhiteElo "1546"]
[BlackElo "1653"]
[PlyCount "31"]
[EventDate "2015.05.22"]
[EventType "swiss"]
[EventRounds "7"]
[EventCountry "NED"]
[Source "P.Boonen"]
[SourceDate "2015.01.01"]

1. d4 d5 2. c4 c6 3. Nc3 g6 4. Nf3 dxc4 5. e3 b5 6. a4 Qb6 7. axb5 cxb5 8. b3
cxb3 9. Qxb3 b4 10. Na4 Qd6 11. Bd2 e6 12. Nc5 Nc6 13. Bb5 Rb8 14. Qa4 Bd7 15.
Nxd7 Kxd7 16. Ne5+ 1-0

[Event "BPB Limburg-open C"]
[Site "Maastricht"]
[Date "2015.05.24"]
[Round "4"]
[White "Mollema, Henk"]
[Black "Koolen, Tom"]
[Result "1-0"]
[WhiteElo "1558"]
[BlackElo "900"]
[PlyCount "59"]
[EventDate "2015.05.22"]
[EventType "swiss"]
[EventRounds "7"]
[EventCountry "NED"]
[Source "P.Boonen"]
[SourceDate "2015.01.01"]

1. e4 c6 2. d4 d5 3. exd5 cxd5 4. c4 Nf6 5. Qb3 Qc7 6. g3 Bf5 7. Bf4 Qd7 8. Nc3
e6 9. Bxb8 Rxb8 10. cxd5 Qd8 11. Bg2 Qb6 12. Qa4+ Nd7 13. b3 Bb4 14. Nge2 Rc8
15. Rc1 Bd3 16. O-O Bxc3 17. Rxc3 Rxc3 18. Nxc3 Bxf1 19. Bxf1 O-O 20. Qxd7 Qxd4
21. dxe6 Qxd7 22. exd7 Rd8 23. Bh3 Kf8 24. Ne4 Ke7 25. b4 b6 26. Nc3 f6 27. b5
g6 28. Nd5+ Kf7 29. Nb4 f5 30. Nc6 1-0

[Event "BPB Limburg-open C"]
[Site "Maastricht"]
[Date "2015.05.24"]
[Round "4"]
[White "Muntean, Adrian"]
[Black "Kumpen, Jona"]
[Result "0-1"]
[WhiteElo "1237"]
[BlackElo "1607"]
[PlyCount "134"]
[EventDate "2015.05.22"]
[EventType "swiss"]
[EventRounds "7"]
[EventCountry "NED"]
[Source "P.Boonen"]
[SourceDate "2015.01.01"]

1. e4 e6 2. d4 d5 3. e5 c5 4. c3 Nc6 5. Nf3 Qb6 6. Be2 Bd7 7. Ng5 cxd4 8. cxd4
Qxd4 9. Qxd4 Nxd4 10. Bd3 h6 11. Be3 Nc6 12. Nh3 Nxe5 13. Be2 Ne7 14. O-O N7c6
15. f4 Ng6 16. Nd2 Bd6 17. Bd3 d4 18. Nc4 Bc7 19. Bd2 Nge7 20. Rf2 O-O 21. Raf1
Nf5 22. g4 Nd6 23. Ne5 Be8 24. g5 Kh8 25. Nf3 Nf5 26. Rc1 Bd7 27. Bxf5 exf5 28.
Nxd4 Bb6 29. Bc3 Nxd4 30. gxh6 Ne2+ 31. Kf1 Nxc1 32. hxg7+ Kg8 33. gxf8=Q+ Kxf8
34. Bb4+ Ke8 35. Rg2 Bb5+ 36. Ke1 Nd3+ 37. Kd2 Kd7 38. Bc3 Re8 39. Rg7 Be3+ 40.
Kc2 Nxf4 41. Nxf4 Bxf4 42. Rxf7+ Kc8 43. Rxf5 Ba4+ 44. Kd3 Bxh2 45. Rc5+ Bc6
46. Rh5 Bf4 47. Rh3 Rg8 48. Rh8 Rxh8 49. Bxh8 a6 50. a3 b5 51. Kd4 Kd7 52. Kc5
Be3+ 53. Kb4 Bb6 54. Kc3 Ke6 55. Kd3 Kd5 56. b4 Bc7 57. Bb2 Be5 58. Bc1 Bd7 59.
Kc2 Kc4 60. Bd2 Bf5+ 61. Kc1 Kb3 62. a4 bxa4 63. Kd1 a3 64. b5 axb5 65. Kc1 a2
66. Bc3 Bxc3 67. Kd1 a1=Q+ 0-1